LEADER 01243nam a2200289 4500 001 000000358628 003 CaOOAMICUS 005 20240729113458.0 008 240610s2022 it a 000 u ita r 020 $a978-88-284-0440-8 040 $aSeMil$bita 100 1 $aMazzola, Elena.$0(OLS)http://semarc/name/109272 245 10$aManzoni tra Mosca e Kiev :$bi promessi sposi e il mistero della storia /$cElena Mazzola. 264 1$a[Brescia] :$bScholé,$c2022. 300 $a260 p. :$bill. ;$c21 cm 490 1 $aOrso blu ;$v212 541 0 $aOmaggio mons. Mario Delpini (1O III 351) 650 4$aManzoni, Alessandro <1785-1873> . Promessi sposi - Spiritualità.$0(OLS)http://semarc/subject/28772 830 0$aOrso blu ;$v212.$0(OLS)http://semarc/title/40137 850 $aSeMil 852 $aSeMil$W1$xVenegono$y1$m1O III 351$j249664$B249730$CSeMilBibl$Z2$F249730 $81 941 1 $a7 961 $aOmaggio mons. Mario Delpini 996 $6020$a978-88-284-0440-8$9(OLS)http://semarc/number/300549 996 $6245$aManzoni tra Mosca e Kiev :$bi promessi sposi e il mistero della storia$9(OLS)http://semarc/title/449015 996 $6264$a[Brescia] :$bScholé$9(OLS)http://semarc/publisher/57767 LEADER 01337nam a2200277 i 4500 001 000000150850 003 CaOOAMICUS 005 20241121124619.0 008 060614s2006 gw u000 u ger u 013 $a128188 020 $a3-11-018996-8 040 $aSeMil$bita 100 1 $aWöhrle, Jakob,$d<1975- >.$0(OLS)http://semarc/name/45006 245 14$aDie frühen Sammlungen des Zwölfprophetenbuches :$bEntstehung und Komposition /$cJakob 1 Wöhrle. 260 $aBerlin ; New York :$bDe Gruyter,$c2006. 300 $aXII, 499 p. :$bill. ;$c24 cm. 490 0 $aBeihefte zur Zeitschrift für die alttestamentliche Wissenschaft ;$v360 650 4$aBibbia. Antico Testamento. Profeti - Analisi narrativa e linguistica.$0(OLS)http://semarc/subject/17768 830 0$aBeihefte zur Zeitschrift für die alttestamentliche Wissenschaft ;$v360.$0(OLS)http://semarc/title/294 850 $aSeMil 852 $aSeMil$W1$xVenegono$y1$m2XA Q 360$j251147$B102911$CSeMilBibl$Z2$F111849 $81 961 $aSottoscrizione: De Gruyter 996 $6020$a3-11-018996-8$9(OLS)http://semarc/number/140310 996 $6245$aDie frühen Sammlungen des Zwölfprophetenbuches :$bEntstehung und Komposition$9(OLS)http://semarc/title/220489 996 $6260$aBerlin ; New York :$bDe Gruyter$9(OLS)http://semarc/publisher/29892